Estadísticas para Banderas de Oceanía

Haz click aquí para tomar la prueba!

Estadísticas generales

  • Esta prueba ha sido tomada 11.409 veces
  • La puntuación promedio es 11 de 14

Estadísticas de respuestas

Respuesta% Correcto
Australia
99%
Nueva Zelanda
99%
Fiyi
84%
Papua Nueva Guinea
83%
Estados Federados de Micronesia
82%
Palaos
81%
Tonga
79%
Islas Marshall
76%
Kiribati
75%
Tuvalu
75%
Nauru
73%
Samoa
73%
Islas Salomón
72%
Vanuatu
70%

Distribución de puntuación

Porcentaje por número respondido

Porcentaje de gente con cada puntuación

Historial de tus puntuaciones

No has tomado esta prueba